| 000 | 00433cam a22001457a 4500 | ||
|---|---|---|---|
| 008 | 180718b1963 xxu||||| |||| 00| 0 eng d | ||
| 082 | _aA99 Ei83/1 | ||
| 100 | _aEisenhower, Dwight D. | ||
| 245 |
_aWhite House years, Vol.1: mandate for change, 1953-1956 _cby Dwight D. Eisenhower |
||
| 260 |
_aLondon _bHeinemann _c1963 |
||
| 300 | _a650p. | ||
| 500 | _a63/- | ||
| 650 | _aUSA - President | ||
| 650 | _aEisenhower, Dwight David, 1890 | ||
| 999 |
_c364857 _d364857 |
||